000 00857nam a22002177a 4500
999 _c5977
_d5977
005 20251125232804.0
008 s2539 th tha d
020 _a9740827195
040 _aNALT
041 _atha
050 _aDS578.32
_bอ624ก 2539
100 0 _aอาริยา สินธุจริวัตร
245 1 0 _aก้าวแรกแห่งความสำเร็จ อานันท์ ปันยารชุน
260 3 _aกรุงเทพฯ :
_bไทยวัฒนาพานิช,
_c2539
300 _a79 หน้า :
_bภาพประกอบ ;
_c 21 ซม.
650 0 4 _aอานันท์ ปันยารชุน, 2475 -- ชีวประวัติ
850 _aNALT
856 4 0 _uhttps://hdl.handle.net/20.500.14156/401595
_71
942 _cGB
_2lcc